[Event "FRA T IV 0910"]
[Site "Midi-Pyrénées"]
[Date "2009.12.13"]
[Round "4"]
[White "Pierre, Timothee"]
[Black "Fabre, Philippe"]
[Result "0-1"]
[WhiteElo "1931"]
[BlackElo "1813"]
[PlyCount "114"]
[EventDate "2009.10.18"]
[EventType "team-match"]
[EventCountry "FRA"]

1. e4 c5 2. Nc3 Nc6 3. f4 g6 4. Nf3 Bg7 5. d3 e6 6. Be2 Nge7 7. O-O O-O 8. Qe1
Nd4 9. Bd1 Nec6 10. e5 d6 11. exd6 Nxf3+ 12. Bxf3 Nd4 13. Bd1 Qxd6 14. Ne4 Qc7
15. c3 Nf5 16. Rf3 b6 17. Rh3 Bb7 18. g4 Nd6 19. Ng5 h6 20. Nxe6 fxe6 21. Qxe6+
Nf7 22. Qxg6 Qc6 23. Qxc6 Bxc6 24. Bb3 Rfe8 25. Kf2 Rad8 26. f5 Bd5 27. Bxd5
Rxd5 28. Bf4 Ne5 29. Re1 Nxg4+ 30. Kf1 Rxe1+ 31. Kxe1 Rxf5 32. Bb8 a6 33. Bc7
b5 34. Rh4 h5 35. h3 Bf6 36. Rxg4+ hxg4 37. hxg4 Bh4+ 38. Kd2 Rf2+ 39. Kc1 Bg5+
40. Kb1 Rf1+ 41. Kc2 c4 42. dxc4 bxc4 43. b3 Rf2+ 44. Kb1 cxb3 45. axb3 Bf6 46.
Ba5 Kf7 47. Kc1 Ke6 48. c4 Bg5+ 49. Kb1 Bd2 50. Bb6 Rg2 51. Bc5 Rxg4 52. Kb2
Kd7 53. Bf2 Rf4 54. Bg3 Re4 55. Bf2 Be3 56. Bg3 a5 57. Ka2 Rg4 0-1

[Event "FRA T IV 0910"]
[Site "Midi-Pyrénées"]
[Date "2009.12.13"]
[Round "4"]
[White "Van Nuvel, Jean Michel"]
[Black "Devals, Nicolas"]
[Result "1/2-1/2"]
[WhiteElo "1826"]
[BlackElo "1891"]
[PlyCount "141"]
[EventDate "2009.10.18"]
[EventType "team-match"]
[EventCountry "FRA"]

1. d4 d5 2. c4 e6 3. Nc3 Nf6 4. cxd5 exd5 5. Bg5 c6 6. e3 h6 7. Bh4 Be7 8. Qc2
O-O 9. Bd3 Nbd7 10. Nge2 c5 11. Bxf6 Nxf6 12. dxc5 Bxc5 13. O-O b6 14. Rfd1 Qe7
15. a3 Bb7 16. b4 Bd6 17. Ng3 Rac8 18. Qb3 Be5 19. Rac1 Rc7 20. Nb5 Rxc1 21.
Rxc1 a6 22. Nf5 Qd7 23. Nbd4 Re8 24. b5 a5 25. Nc6 Ne4 26. Bxe4 dxe4 27. Ng3
Bxg3 28. hxg3 Re6 29. Nd4 Bd5 30. Qc2 Re8 31. Qc7 Qxc7 32. Rxc7 g6 33. Rd7 Ba8
34. Rd6 Rb8 35. Nc6 Bxc6 36. Rxc6 Kf8 37. Kf1 Ke8 38. Ke2 Rd8 39. Rc4 Rd5 40.
a4 Re5 41. f3 exf3+ 42. gxf3 Kd7 43. f4 Rd5 44. e4 Rd6 45. e5 Re6 46. Kf3 g5
47. Kg4 gxf4 48. gxf4 Rg6+ 49. Kh5 Re6 50. Re4 f6 51. Re3 fxe5 52. fxe5 Ke7 53.
Re4 Kf7 54. Rf4+ Ke7 55. Rf5 Kd7 56. Rf7+ Ke8 57. Rb7 Rxe5+ 58. Kxh6 Re6+ 59.
Kg5 Kd8 60. Kf5 Rh6 61. Ke5 Kc8 62. Rf7 Rh4 63. Rf8+ Kc7 64. Rf7+ Kc8 65. Rf4
Rh5+ 66. Kd6 Rh6+ 67. Kd5 Rh5+ 68. Kc6 Rh6+ 69. Kd5 Rh5+ 70. Kc6 Rh6+ 71. Kd5
1/2-1/2

[Event "FRA T IV 0910"]
[Site "Midi-Pyrénées"]
[Date "2009.12.13"]
[Round "4"]
[White "Schertzer, Jeremie"]
[Black "Schegerin, Andre"]
[Result "1-0"]
[WhiteElo "1820"]
[BlackElo "1774"]
[PlyCount "139"]
[EventDate "2009.10.18"]
[EventType "team-match"]
[EventCountry "FRA"]

1. d4 f5 2. Bf4 Nf6 3. e3 g6 4. Nd2 Bg7 5. c3 d6 6. Ngf3 c6 7. Qb3 Qb6 8. Nc4
Qxb3 9. axb3 Nh5 10. Bg3 Nxg3 11. hxg3 O-O 12. Be2 Na6 13. Ng5 h6 14. Nf3 Nc7
15. Nh4 Kf7 16. Bd3 Be6 17. g4 Bxc4 18. bxc4 e6 19. gxf5 exf5 20. g4 Bf6 21.
gxf5 Bxh4 22. fxg6+ Kg7 23. Rxh4 Ne6 24. f4 a6 25. d5 cxd5 26. cxd5 Nc5 27. Bc2
Rae8 28. Kd2 Rf6 29. Rah1 Ne4+ 30. Bxe4 Rxe4 31. Rxh6 Rxg6 32. Rh7+ Kf6 33.
Rxb7 Ra4 34. Rhh7 Kf5 35. Rh5+ Kg4 36. Rg5+ Rxg5 37. fxg5 Kf5 38. Rd7 Ke5 39.
g6 Kxd5 40. g7 Rg4 41. Kd3 a5 42. Ra7 Kc6 43. Rxa5 Rxg7 44. e4 Rg3+ 45. Kd4 Rg1
46. b4 Rd1+ 47. Kc4 Re1 48. Ra6+ Kd7 49. Ra7+ Kc6 50. Re7 Rd1 51. b5+ Kb6 52.
Re6 Kc7 53. e5 dxe5 54. Rxe5 Rc1 55. Rc5+ Kb6 56. Rc6+ Kb7 57. Kd5 Rd1+ 58. Kc5
Rc1 59. c4 Rc2 60. Rf6 Re2 61. Rf7+ Kc8 62. Kd6 Rh2 63. Re7 Rh8 64. b6 Rh6+ 65.
Kc5 Rh5+ 66. Kc6 Rh6+ 67. Kb5 Rh1 68. c5 Rb1+ 69. Kc6 Kd8 70. Rg7 1-0

[Event "FRA T IV 0910"]
[Site "Midi-Pyrénées"]
[Date "2009.12.13"]
[Round "4"]
[White "Adiba, Jean Claude"]
[Black "Valat, Jean Marie"]
[Result "0-1"]
[WhiteElo "1590"]
[BlackElo "1645"]
[PlyCount "132"]
[EventDate "2009.10.18"]
[EventType "team-match"]
[EventCountry "FRA"]

1. c4 Nf6 2. Nc3 e6 3. g3 c5 4. Bg2 Nc6 5. e3 Be7 6. Nge2 d5 7. cxd5 exd5 8. d4
cxd4 9. Nxd4 O-O 10. O-O a6 11. h3 Be6 12. b3 Qd7 13. Kh2 Rac8 14. Nce2 Bd6 15.
f4 Qc7 16. Bb2 Ne4 17. Rc1 Qe7 18. Bxe4 dxe4 19. f5 Bd7 20. Nf4 Bxf4 21. Rxf4
f6 22. Nxc6 Bxc6 23. Bd4 Bb5 24. Rxc8 Rxc8 25. h4 Bd3 26. Rf2 Qa3 27. Qa1 Qc1
28. Qxc1 Rxc1 29. Rb2 h5 30. a3 Re1 31. Kg2 Re2+ 32. Rxe2 Bxe2 33. Kf2 Bg4 34.
Ke1 Bxf5 35. Kd2 Kf7 36. Kc3 g5 37. a4 Bd7 38. a5 gxh4 39. gxh4 Ke6 40. Kc4 f5
41. Kc5 Bc6 42. b4 Bb5 43. Bc3 f4 44. exf4 Kf5 45. Bd2 Bd3 46. Kb6 Kg4 47. Kxb7
Kxh4 48. f5 Kg4 49. f6 Bc4 50. b5 Kf5 51. bxa6 Kxf6 52. Be3 h4 53. a7 h3 54.
Bg1 e3 55. Kb8 Bd5 56. Bxe3 h2 57. a8=Q Bxa8 58. Kxa8 h1=Q+ 59. Ka7 Qb1 60. Bb6
Ke6 61. Kb7 Kd7 62. Kb8 Kc6 63. Ka8 Kb5 64. Kb7 Qe4+ 65. Kc7 Qe7+ 66. Kb8 Kc6
0-1

[Event "FRA T IV 0910"]
[Site "Midi-Pyrénées"]
[Date "2009.12.13"]
[Round "4"]
[White "Artis, Paul"]
[Black "Calatrava, C."]
[Result "0-1"]
[WhiteElo "1622"]
[BlackElo "1920"]
[PlyCount "65"]
[EventDate "2009.10.18"]
[EventType "team-match"]
[EventCountry "FRA"]

1. e4 e5 2. Nf3 Nc6 3. Bb5 a6 4. Ba4 Nf6 5. O-O Be7 6. Qe2 b5 7. Bb3 d6 8. c3
O-O 9. d4 Bg4 10. Rd1 exd4 11. cxd4 Re8 12. a3 h6 13. Nc3 Na5 14. Bc2 c6 15. b3
Bf8 16. Be3 Qc7 17. Rd2 d5 18. e5 Ne4 19. Nxe4 dxe4 20. Bxe4 Nxb3 21. Rc2 Nxa1
22. Rxc6 Qe7 23. Qa2 Bxf3 24. Bxf3 Qxa3 25. Qd5 Rac8 26. Bh5 Qe7 27. e6 fxe6
28. Qf3 Rxc6 29. Qxc6 Rd8 30. Qxa6 Nc2 31. Qb6 Nxe3 32. fxe3 Qh4 33. Qxe6+ 0-1

[Event "FRA T IV 0910"]
[Site "Midi-Pyrénées"]
[Date "2009.12.13"]
[Round "4"]
[White "Aspinall, John"]
[Black "Mouret, Arnaud"]
[Result "1-0"]
[WhiteElo "1750"]
[BlackElo "1482"]
[PlyCount "59"]
[EventDate "2009.10.18"]
[EventType "team-match"]
[EventCountry "FRA"]

1. b4 e5 2. Bb2 d6 3. c4 Be6 4. e3 Nd7 5. d3 d5 6. c5 Ngf6 7. Nd2 a5 8. a3 b6
9. c6 Nb8 10. b5 d4 11. exd4 exd4 12. Ngf3 Bc5 13. Be2 a4 14. O-O O-O 15. Nc4
Re8 16. Nfe5 Qe7 17. Bf3 Nd5 18. Qd2 Rd8 19. Rfe1 Qh4 20. Re4 Qe7 21. Rae1 Nf6
22. R4e2 Nd5 23. Nxf7 Kxf7 24. Rxe6 Qxe6 25. Rxe6 Kxe6 26. Qg5 Nf6 27. Qe5+ Kf7
28. Qxc7+ Nbd7 29. cxd7 Rxd7 30. Ne5+ 1-0

[Event "FRA T IV 0910"]
[Site "Midi-Pyrénées"]
[Date "2009.12.13"]
[Round "4"]
[White "Saffon, G."]
[Black "Seguelong, Patrick"]
[Result "0-1"]
[WhiteElo "1499"]
[BlackElo "1680"]
[PlyCount "72"]
[EventDate "2009.10.18"]
[EventType "team-match"]
[EventCountry "FRA"]

1. e4 e6 2. d4 d5 3. e5 c5 4. c3 Nc6 5. Nf3 Qb6 6. a4 cxd4 7. cxd4 Bb4+ 8. Nc3
Nge7 9. Bb5 Bd7 10. Bxc6 Nxc6 11. O-O Na5 12. Ne2 Rc8 13. b3 O-O 14. Ba3 Rc7
15. Qd3 Rfc8 16. Ng5 g6 17. Qh3 h5 18. Qf3 Be8 19. Bb2 Bd2 20. Qg3 Qxb3 21.
Qxb3 Nxb3 22. Ra3 Bxg5 23. Rxb3 Bxa4 24. Rg3 Bh6 25. f4 Rc2 26. Ra3 b5 27. Rc1
Rxc1+ 28. Bxc1 Rc2 29. Kf1 Bf8 30. Ra1 a5 31. Ke1 Bb4+ 32. Kf1 Bb3 33. Ng3 Bc4+
34. Kg1 Bc3 35. Rb1 Bxd4+ 36. Kh1 Ba2 0-1

[Event "FRA T IV 0910"]
[Site "Midi-Pyrénées"]
[Date "2009.12.13"]
[Round "4"]
[White "Tauziede, Jean Pierre"]
[Black "Maraval, Y."]
[Result "1-0"]
[WhiteElo "1650"]
[BlackElo "1510"]
[PlyCount "81"]
[EventDate "2009.10.18"]
[EventType "team-match"]
[EventCountry "FRA"]

1. e4 c6 2. d4 d5 3. e5 Bf5 4. Bd3 Bg6 5. Nf3 e6 6. O-O Be7 7. Nbd2 Nd7 8. Nb3
Bxd3 9. Qxd3 c5 10. dxc5 Nxc5 11. Nxc5 Qb6 12. Nb3 h6 13. Be3 Qc7 14. Qb5+ Kd8
15. Bc5 Bxc5 16. Qxc5 Ne7 17. Qd6+ Kc8 18. Qxc7+ Kxc7 19. Rac1 b6 20. c4 dxc4
21. Rxc4+ Kb7 22. Rfc1 Rac8 23. Nbd4 Rxc4 24. Rxc4 Rc8 25. Rxc8 Nxc8 26. Nb5
Kc6 27. Nd6 Nxd6 28. exd6 Kxd6 29. Kf1 Kd5 30. b3 b5 31. Ke1 a5 32. Kd2 f6 33.
Kd3 e5 34. Nd2 f5 35. f3 g5 36. g4 f4 37. Ne4 a4 38. bxa4 bxa4 39. a3 Kc6 40.
Kc4 Kb6 41. Kd5 1-0

[Event "FRA T IV 0910"]
[Site "Midi-Pyrénées"]
[Date "2009.12.13"]
[Round "4"]
[White "Riviere, J C."]
[Black "Bouyssieres, Max"]
[Result "0-1"]
[WhiteElo "1590"]
[BlackElo "1702"]
[PlyCount "124"]
[EventDate "2009.10.18"]
[EventType "team-match"]
[EventCountry "FRA"]

1. e4 e5 2. Nc3 Nf6 3. Bc4 Bc5 4. d3 d6 5. h3 Nc6 6. Nf3 Be6 7. Bxe6 fxe6 8.
Na4 Bb6 9. Nxb6 axb6 10. Bg5 h6 11. Be3 O-O 12. O-O Qe8 13. Qd2 Nh5 14. Nh2 Nf4
15. c3 Qg6 16. Bxf4 Rxf4 17. f3 h5 18. d4 Raf8 19. d5 exd5 20. Qxd5+ Kh8 21. b4
R8f6 22. Kh1 Qg3 23. a4 Rg6 24. Qd2 Qg5 25. Qe2 Qe7 26. a5 bxa5 27. bxa5 Nd8
28. a6 bxa6 29. Rxa6 Ne6 30. Qc4 Rf8 31. Ra7 Qg5 32. Qa2 Nf4 33. Qd2 Qxg2+ 34.
Qxg2 Rxg2 35. Rxc7 Rg3 36. Rg1 Rxg1+ 37. Kxg1 Nxh3+ 38. Kg2 Nf4+ 39. Kf2 Rf6
40. Nf1 Rg6 41. Ne3 Kh7 42. c4 Ne6 43. Ra7 Nd4 44. Ra6 Rf6 45. Nf5 Nxf5 46.
exf5 Kh6 47. Ke3 Kg5 48. Ke4 h4 49. Ra1 Rxf5 50. Rg1+ Kf6 51. Kd5 Rf4 52. Kxd6
Rxc4 53. Re1 Rc3 54. Rh1 g5 55. Rf1 Kf5 56. Re1 Kf4 57. Re4+ Kxf3 58. Rxe5 g4
59. Rf5+ Kg3 60. Kd5 h3 61. Kd4 Rf3 62. Rh5 h2 0-1

[Event "FRA T IV 0910"]
[Site "Midi-Pyrénées"]
[Date "2009.12.13"]
[Round "4"]
[White "Taillandier, Alban"]
[Black "Jarlaud, Lucas"]
[Result "0-1"]
[WhiteElo "1684"]
[BlackElo "1602"]
[PlyCount "112"]
[EventDate "2009.10.18"]
[EventType "team-match"]
[EventCountry "FRA"]

1. e4 c5 2. Nc3 Nc6 3. f4 g6 4. Nf3 Bg7 5. Bc4 e6 6. O-O Nge7 7. d3 O-O 8. Be3
d5 9. Bxd5 exd5 10. Bxc5 dxe4 11. Nxe4 Be6 12. Qe1 b6 13. Ba3 Qd7 14. Qh4 f6
15. Ng3 Rf7 16. Rae1 Nf5 17. Nxf5 Bxf5 18. h3 Be6 19. Re2 Bd5 20. Nh2 Nd4 21.
Rd2 Re8 22. Qf2 f5 23. c3 Ne6 24. Re1 Bh6 25. g3 Bf8 26. b4 Rc8 27. c4 Bb7 28.
Qe3 Re7 29. Qf2 Nd4 30. Rdd1 Rce8 31. Bb2 Bg7 32. Ba1 Re6 33. g4 Nc6 34. Nf3
Rxe1+ 35. Nxe1 Bxa1 36. Rxa1 Qd4 37. Qxd4 Nxd4 38. Rb1 fxg4 39. hxg4 Ne2+ 40.
Kf1 Nxf4 41. c5 Rd8 42. Rd1 Rd4 43. a3 bxc5 44. bxc5 Ne6 45. Rc1 Bc6 46. Kf2
Rxg4 47. Nf3 Rf4 48. Rd1 Rxf3+ 49. Ke2 Nd4+ 50. Ke1 Bb5 51. Rc1 Rxd3 52. Kf2
Rxa3 53. Rd1 Rd3 54. Rxd3 Bxd3 55. Ke3 Bb5 56. Kxd4 a5 0-1

[Event "FRA-chT III 0910"]
[Site "Midi-Pyrenees"]
[Date "2009.11.22"]
[Round "?"]
[White "Rode, Anthony"]
[Black "Couderc, Christophe"]
[Result "0-1"]
[WhiteElo "2074"]
[BlackElo "2091"]
[PlyCount "52"]
[EventDate "2009.??.??"]
[EventType "team-match"]
[EventCountry "FRA"]

1. d4 d5 2. Nf3 Nf6 3. e3 Bf5 4. Ne5 e6 5. g4 Bg6 6. h4 Ne4 7. h5 f6 8. hxg6
fxe5 9. dxe5 Nd7 10. f4 Be7 11. Rxh7 Rxh7 12. gxh7 Bb4+ 13. Ke2 Qh4 14. h8=Q+
Qxh8 15. Bg2 Qh2 16. Kf1 O-O-O 17. Bd2 Bc5 18. Qf3 Rh8 19. Ke2 Qg1 20. b4 Rh2
21. bxc5 Ndxc5 22. Be1 Rxg2+ 23. Kd1 Nf2+ 24. Ke2 Nfd3+ 25. Qxg2 Qxg2+ 26. Kd1
Nxe1 0-1

[Event "Open International d'Ambès 2010"]
[Site "Ambes"]
[Date "2010.04.24"]
[Round "1.1"]
[White "Ternault, Mathieu"]
[Black "Dgebuadze, Alexandre"]
[Result "0-1"]
[WhiteElo "1994"]
[BlackElo "2539"]
[PlyCount "63"]
[EventDate "2010.04.??"]
[EventType "swiss"]
[EventRounds "9"]
[EventCountry "FRA"]

1. d4 e6 2. Nf3 c5 3. c4 Nf6 4. g3 cxd4 5. Nxd4 d5 6. Bg2 e5 7. Nf3 e4 8. O-O
Nc6 9. b4 d4 10. Ng5 Bxb4 11. Nxe4 Nxe4 12. Bxe4 Bh3 13. Qa4 Bxf1 14. Bxc6+
bxc6 15. Qxc6+ Kf8 16. Kxf1 d3 17. Be3 Rc8 18. Qb5 Rb8 19. Qe5 h5 20. Nd2 Bxd2
21. Bxd2 dxe2+ 22. Kxe2 Qe7 23. Qxe7+ Kxe7 24. Be3 a6 25. Kd3 Kd7 26. Kc3 Kc6
27. Re1 Rhe8 28. Rd1 Rbd8 29. Re1 Rd7 30. Rc1 f6 31. h4 a5 32. Re1 0-1

[Event "Open International d'Ambès 2010"]
[Site "Ambes"]
[Date "2010.04.24"]
[Round "1.2"]
[White "Okhotnik, Vladimir"]
[Black "Basso, Pierre Yves"]
[Result "1-0"]
[WhiteElo "2458"]
[BlackElo "1972"]
[PlyCount "65"]
[EventDate "2010.04.??"]
[EventType "swiss"]
[EventRounds "9"]
[EventCountry "FRA"]

1. e4 e6 2. d4 d5 3. exd5 exd5 4. c4 Nf6 5. Nc3 c6 6. Nf3 Bd6 7. cxd5 cxd5 8.
Bb5+ Nc6 9. O-O O-O 10. h3 h6 11. Bd3 Re8 12. Be3 Bb8 13. Re1 Ne4 14. Qb3 Nf6
15. Bd2 Na5 16. Rxe8+ Qxe8 17. Qc2 Nc4 18. Nxd5 Nxd5 19. Bxc4 Be6 20. Re1 Qd8
21. Bxh6 Nb4 22. Qb3 Bxc4 23. Qxc4 Bd6 24. Bd2 Rc8 25. Qb3 Nd5 26. Qxb7 Rc7 27.
Qb3 Rd7 28. g3 Bc7 29. Qd3 Bb6 30. Qf5 Ne7 31. Qh5 f6 32. Qg4 Nc6 33. Qe6+ 1-0

[Event "Open International d'Ambès 2010"]
[Site "Ambes"]
[Date "2010.04.24"]
[Round "1.3"]
[White "Kirk, Ezra"]
[Black "Piankov, Evgenij"]
[Result "0-1"]
[WhiteElo "1970"]
[BlackElo "2337"]
[PlyCount "70"]
[EventDate "2010.04.??"]
[EventType "swiss"]
[EventRounds "9"]
[EventCountry "FRA"]

1. d4 d5 2. c4 c6 3. Nc3 Nf6 4. Nf3 a6 5. e3 b5 6. b3 Bf5 7. Bd3 Bxd3 8. Qxd3
e6 9. c5 g6 10. O-O Bg7 11. Ne5 O-O 12. Bd2 Nfd7 13. f4 f6 14. Nxd7 Nxd7 15. e4
e5 16. Be3 dxe4 17. Qxe4 f5 18. Qxc6 exf4 19. Rxf4 Nf6 20. Kh1 b4 21. Na4 Qd5
22. Qc7 Bh6 23. Rxf5 Qxf5 24. Bxh6 Ne8 25. Qf4 Qxf4 26. Bxf4 Rxf4 27. Nb6 Rd8
28. d5 Rd4 29. Re1 Nf6 30. d6 Nd7 31. Nxd7 Rxd7 32. h3 Kf8 33. Re6 Rd1+ 34. Kh2
Rc1 35. Re5 Kf7 0-1

[Event "Open International d'Ambès 2010"]
[Site "Ambes"]
[Date "2010.04.24"]
[Round "1.4"]
[White "Andonov, Bogomil"]
[Black "Jund, Christian"]
[Result "1/2-1/2"]
[WhiteElo "2304"]
[BlackElo "1969"]
[PlyCount "60"]
[EventDate "2010.04.??"]
[EventType "swiss"]
[EventRounds "9"]
[EventCountry "FRA"]

1. Nf3 Nf6 2. c4 c5 3. Nc3 g6 4. d4 cxd4 5. Nxd4 Nc6 6. e4 d6 7. Nc2 Bg7 8. Be2
O-O 9. O-O Bd7 10. Be3 Re8 11. f3 b6 12. Qd2 Rc8 13. Rac1 Ne5 14. b3 Bc6 15.
Rfd1 Qc7 16. Nd5 Bxd5 17. cxd5 Qc3 18. Ba6 Qxd2 19. Bxd2 Rc7 20. Nd4 Rxc1 21.
Rxc1 Nfd7 22. Be3 Nc5 23. Bb5 Ra8 24. b4 Ncd3 25. Rc3 Nb2 26. Ba6 Nd1 27. Rb3
Nc4 28. Nc6 Ncxe3 29. Be2 Nc3 30. Ba6 Ned1 1/2-1/2

[Event "Open International d'Ambès 2010"]
[Site "Ambes"]
[Date "2010.04.24"]
[Round "1.5"]
[White "Masset, Jacques"]
[Black "Favarel, Antoine"]
[Result "1/2-1/2"]
[WhiteElo "1963"]
[BlackElo "2231"]
[PlyCount "60"]
[EventDate "2010.04.??"]
[EventType "swiss"]
[EventRounds "9"]
[EventCountry "FRA"]

1. d4 d5 2. c4 e6 3. Nc3 Nf6 4. Nf3 c6 5. cxd5 exd5 6. Bg5 Be7 7. Qc2 Nbd7 8.
e3 O-O 9. Bd3 Re8 10. O-O Nf8 11. Rab1 a5 12. a3 Bd6 13. b4 axb4 14. axb4 Bg4
15. Nd2 Bh5 16. Bh4 Bg6 17. Bg3 Qe7 18. Bxd6 Qxd6 19. b5 c5 20. dxc5 Qxc5 21.
Nb3 Qc4 22. Bxg6 Nxg6 23. Rfc1 Ra3 24. Qb2 Rea8 25. Nd4 h6 26. Ne4 Qa4 27.
Nxf6+ gxf6 28. Nf5 Ne5 29. Rd1 Kh7 30. Rd4 Rb3 1/2-1/2

[Event "Open International d'Ambès 2010"]
[Site "Ambes"]
[Date "2010.04.24"]
[Round "1.6"]
[White "Fantinel, Thibault"]
[Black "Jacquot, David"]
[Result "1-0"]
[WhiteElo "2187"]
[BlackElo "1945"]
[PlyCount "57"]
[EventDate "2010.04.??"]
[EventType "swiss"]
[EventRounds "9"]
[EventCountry "FRA"]

1. e4 c5 2. Nf3 d6 3. d4 cxd4 4. Nxd4 Nf6 5. Nc3 g6 6. g3 Bg7 7. Bg2 O-O 8. O-O
Nc6 9. Nde2 a6 10. a4 Bd7 11. Re1 Rc8 12. h3 Qc7 13. Nd5 Nxd5 14. exd5 Ne5 15.
Nd4 Rce8 16. b3 Qc3 17. Be3 Bc8 18. Rc1 Nd7 19. Ne2 Qc7 20. c4 a5 21. Nd4 Nc5
22. Nb5 Qd8 23. Bd4 Bf5 24. Bxg7 Kxg7 25. Nd4 Qc8 26. g4 Bd7 27. Qd2 h5 28.
gxh5 Bxh3 29. Qc3 1-0

[Event "Open International d'Ambès 2010"]
[Site "Ambes"]
[Date "2010.04.24"]
[Round "1.7"]
[White "Babu, Anthony"]
[Black "Le Hetet, Nicolas"]
[Result "0-1"]
[WhiteElo "1919"]
[BlackElo "2149"]
[PlyCount "70"]
[EventDate "2010.04.??"]
[EventType "swiss"]
[EventRounds "9"]
[EventCountry "FRA"]

1. e4 c5 2. Bc4 Nc6 3. Nc3 g6 4. d3 Bg7 5. Bg5 d6 6. Nge2 a6 7. a4 Rb8 8. Qd2
Qa5 9. O-O e6 10. Nc1 Nge7 11. Nb3 Qc7 12. f4 Nd4 13. a5 O-O 14. Nxd4 cxd4 15.
Na4 Re8 16. Nb6 Nc6 17. Nxc8 Rbxc8 18. f5 gxf5 19. exf5 Ne5 20. f6 Nxc4 21.
dxc4 Bf8 22. b3 d5 23. Rf3 Kh8 24. Rh3 Qe5 25. Rf1 Bb4 26. Qxb4 Qxg5 27. Qxb7
dxc4 28. bxc4 Rg8 29. Rg3 Qc5 30. Rg7 d3+ 31. Kh1 dxc2 32. Qxf7 Qf5 33. Rg1
Rgf8 34. Qe7 Qxf6 35. Rxh7+ Kg8 0-1

[Event "Open International d'Ambès 2010"]
[Site "Ambes"]
[Date "2010.04.24"]
[Round "1.8"]
[White "Lagunes, Jean Renaud"]
[Black "L'Hospital, Philippe"]
[Result "1-0"]
[WhiteElo "2107"]
[BlackElo "1891"]
[PlyCount "63"]
[EventDate "2010.04.??"]
[EventType "swiss"]
[EventRounds "9"]
[EventCountry "FRA"]

1. e4 d6 2. d4 Nf6 3. Nc3 Nbd7 4. Nf3 e5 5. Bg5 Be7 6. Qd2 O-O 7. O-O-O c6 8.
dxe5 dxe5 9. Bxf6 Bxf6 10. g4 Qc7 11. h4 b5 12. h5 Nc5 13. g5 Be7 14. Bd3 Bg4
15. Qe3 Nxd3+ 16. cxd3 b4 17. Na4 Bxf3 18. Qxf3 Bxg5+ 19. Kc2 b3+ 20. Kxb3
Rab8+ 21. Kc3 Rb4 22. b3 f5 23. Qg3 h6 24. f3 Qf7 25. Nb2 Rd4 26. Nc4 Qe7 27.
Rhg1 a5 28. a4 Qc7 29. Qh2 f4 30. Qh3 Rfd8 31. Qe6+ Kh8 32. Nxe5 1-0

[Event "Open International d'Ambès 2010"]
[Site "Ambes"]
[Date "2010.04.24"]
[Round "1.9"]
[White "Barraud, Mickael"]
[Black "Lapeyre, Pierre"]
[Result "0-1"]
[WhiteElo "1881"]
[BlackElo "2103"]
[PlyCount "122"]
[EventDate "2010.04.??"]
[EventType "swiss"]
[EventRounds "9"]
[EventCountry "FRA"]

1. e4 e6 2. d4 c5 3. c3 d5 4. e5 Nc6 5. Nf3 Bd7 6. a3 cxd4 7. cxd4 Nge7 8. Bd3
Qb6 9. Bc2 Rc8 10. Nc3 Na5 11. O-O Nc4 12. Rb1 Qc7 13. Bd2 Nxd2 14. Qxd2 h6 15.
Rbc1 Nc6 16. Bb1 Be7 17. Ne2 Qb6 18. Rc3 Na5 19. Rxc8+ Bxc8 20. Qc2 Bd7 21. Ba2
Nc6 22. Rc1 g5 23. Qb3 Qxb3 24. Bxb3 Na5 25. Nd2 g4 26. Rc3 Bg5 27. f4 gxf3 28.
Nxf3 Be7 29. Nd2 Bb5 30. Bd1 Bd7 31. Ng3 Nc6 32. Nf3 a6 33. b4 Bd8 34. Nh5 Rg8
35. Ba4 b5 36. Bd1 Rg4 37. Rd3 Be7 38. Bc2 a5 39. h3 Rg8 40. bxa5 Nxa5 41. Nh2
Rg5 42. g4 Nc4 43. Nf3 Rg8 44. Kf2 Kd8 45. Rc3 Kc7 46. Nf6 Bxf6 47. exf6 Ra8
48. Ne5 Be8 49. Nxc4 dxc4 50. Ke3 Kd6 51. Kf4 Bc6 52. h4 Rh8 53. a4 bxa4 54.
Rxc4 Ra8 55. Bb1 a3 56. Ba2 Bd5 57. Rc2 Ra4 58. Ke3 Bxa2 59. Rxa2 e5 60. g5
hxg5 61. hxg5 exd4+ 0-1

[Event "Open International d'Ambès 2010"]
[Site "Ambes"]
[Date "2010.04.24"]
[Round "1.10"]
[White "Galloux, Maxime"]
[Black "Delgrange, Jean Loup"]
[Result "1/2-1/2"]
[WhiteElo "2021"]
[BlackElo "1876"]
[PlyCount "63"]
[EventDate "2010.04.??"]
[EventType "swiss"]
[EventRounds "9"]
[EventCountry "FRA"]

1. e4 d6 2. d4 Nf6 3. Nc3 g6 4. Be3 c6 5. h3 Qa5 6. Qd2 b5 7. Bd3 b4 8. Nce2
Ba6 9. Nf3 Qb6 10. O-O Bg7 11. Ng3 O-O 12. Bxa6 Nxa6 13. Bh6 Nc7 14. Rfe1 Rfd8
15. Bxg7 Kxg7 16. Rad1 h6 17. Nh4 e6 18. Kh1 Qa5 19. Ra1 Qg5 20. Nf3 Qxd2 21.
Nxd2 Nb5 22. Nf3 Nd7 23. Rad1 Nb6 24. Rd3 Rac8 25. Ne2 c5 26. c3 Na4 27. cxb4
cxb4 28. Rb3 Rc4 29. a3 Rdc8 30. Rxb4 Rxb4 31. axb4 Nxb2 32. Rc1 1/2-1/2

[Event "Open International d'Ambès 2010"]
[Site "Ambes"]
[Date "2010.04.24"]
[Round "1.11"]
[White "Cazeaux, Didier"]
[Black "Tholey, Jean Paul"]
[Result "0-1"]
[WhiteElo "1864"]
[BlackElo "1996"]
[PlyCount "60"]
[EventDate "2010.04.??"]
[EventType "swiss"]
[EventRounds "9"]
[EventCountry "FRA"]

1. e4 e6 2. d4 d5 3. Be3 dxe4 4. Nd2 Nf6 5. c3 c5 6. Qc2 cxd4 7. Bxd4 e3 8.
Bxe3 Nd5 9. Bd4 Bd7 10. Ngf3 Nc6 11. Bb5 Nxd4 12. Bxd7+ Qxd7 13. Nxd4 Be7 14.
O-O Rc8 15. N2f3 Bf6 16. Rfe1 O-O 17. Rad1 b5 18. Ne5 Bxe5 19. Rxe5 Qc7 20. Rh5
g6 21. Rh4 b4 22. Qd2 bxc3 23. Qh6 Nf6 24. Nb5 c2 25. Rc1 Qd7 26. Nd4 e5 27.
Nf3 Qd1+ 28. Ne1 Rfd8 29. g4 Qxc1 30. Qxc1 Rd1 0-1

[Event "Open International d'Ambès 2010"]
[Site "Ambes"]
[Date "2010.04.24"]
[Round "1.12"]
[White "Pellegrin, Guy"]
[Black "Gallice, Francois"]
[Result "1/2-1/2"]
[WhiteElo "1840"]
[BlackElo "1861"]
[PlyCount "129"]
[EventDate "2010.04.??"]
[EventType "swiss"]
[EventRounds "9"]
[EventCountry "FRA"]

1. d4 Nf6 2. c4 g6 3. Nc3 Bg7 4. e4 d6 5. f3 Nbd7 6. Be3 a6 7. Qd2 h5 8. Be2 b6
9. Nh3 c5 10. Nf4 cxd4 11. Qxd4 e5 12. Qxd6 exf4 13. Bxf4 Nc5 14. Qxd8+ Kxd8
15. Bg5 Ne6 16. O-O-O+ Ke8 17. Bh4 g5 18. Bf2 Nc5 19. e5 Nfd7 20. Rhe1 Bb7 21.
Bf1 Ne6 22. Nd5 Bxe5 23. Nxb6 Bf4+ 24. Kb1 Nxb6 25. Bxb6 Rc8 26. b4 Kf8 27. Rd7
Bc6 28. Ra7 Ra8 29. b5 axb5 30. cxb5 Rxa7 31. Bxa7 Bb7 32. a4 Kg8 33. a5 Bd2
34. a6 Bxe1 35. axb7 Kg7 36. b8=Q Rxb8 37. Bxb8 Bf2 38. Kc2 Kf6 39. Kc3 Bb6 40.
Kc4 Ke7 41. Kd5 Kd7 42. Be5 Nc7+ 43. Kc4 Ke6 44. Bd4 Bxd4 45. Kxd4 Kd6 46. Bc4
f6 47. b6 Ne8 48. Bd5 Ng7 49. b7 Kc7 50. Kc5 Nf5 51. Be4 Ne7 52. g4 hxg4 53.
fxg4 Ng8 54. Kd4 Ne7 55. Ke3 Ng8 56. Kf3 Nh6 57. Kg3 Nf7 58. h4 gxh4+ 59. Kxh4
Ne5 60. Kg3 Kb8 61. Kf4 Kc7 62. g5 Nd3+ 63. Ke3 Ne5 64. g6 Nxg6 65. Bxg6
1/2-1/2

[Event "Open International d'Ambès 2010"]
[Site "Ambes"]
[Date "2010.04.24"]
[Round "1.13"]
[White "Quideau, Patrice"]
[Black "Constantin, Mathias"]
[Result "0-1"]
[WhiteElo "1780"]
[BlackElo "1818"]
[PlyCount "58"]
[EventDate "2010.04.??"]
[EventType "swiss"]
[EventRounds "9"]
[EventCountry "FRA"]

1. Nf3 b6 2. e4 Bb7 3. Nc3 e6 4. a3 Nf6 5. d3 Nc6 6. Be2 Be7 7. h3 O-O 8. O-O
d5 9. exd5 Nxd5 10. Ne4 Nf6 11. Nxf6+ Bxf6 12. c3 Ne7 13. Qc2 c5 14. Bf4 Ng6
15. Bg3 Qd5 16. Rfe1 Rfd8 17. Bf1 Qf5 18. Re3 Re8 19. Qa4 Rad8 20. Rae1 a6 21.
Be5 Rd5 22. d4 b5 23. Qd1 Nxe5 24. Nxe5 Bxe5 25. Bd3 Qg5 26. dxe5 Rxd3 27. Qg4
Qxg4 28. hxg4 Rxe3 29. Rxe3 Rd8 0-1